Catechismus ad parachos es Decreto Sacrosancti Concil. Tridentini jussu Pii. V. Pontif. Maximi editus (Record no. 8558)

MARC details
000 -CABECERA
campo de control de longitud fija 00786nam a2200169 a 4500
001 - NÚMERO DE CONTROL
campo de control BRCA_8907
005 - FECHA Y HORA DE LA ÚLTIMA TRANSACCIÓN
campo de control 20190320210444.0
008 - DATOS DE LONGITUD FIJA--INFORMACIÓN GENERAL
campo de control de longitud fija 190617s1775----it-#######---#000-0#lat-#
041 ## - CÓDIGO DE LENGUA
Código de lengua del texto/banda sonora o título independiente lat
084 ## - OTRO NÚMERO DE CLASIFICACIÓN
Número de clasificación CO103
Número de documento/Ítem .C38 1775
245 10 - MENCIÓN DE TÍTULO
Título Catechismus ad parachos es Decreto Sacrosancti Concil. Tridentini jussu Pii. V. Pontif. Maximi editus
Resto del título sublatis mendis, adjectis variantibus lectionibus, et triplici Indice, as Editionis Tauriensis, Óominium locu pletissimae & emendatissimae, exemplar espressus.
-- Ex typographia Petri Marin
Mención de responsabilidad, etc. 1775
300 ## - DESCRIPCIÓN FÍSICA
Extensión 495 p.
Dimensiones 20.5 x 16 cm
500 ## - NOTA GENERAL
Nota general Estado físico: presenta encuadernación en pergamino con cintas rotas y hojas manchadas
650 14 - PUNTO DE ACCESO ADICIONAL DE MATERIA--TÉRMINO DE MATERIA
Término de materia o nombre geográfico como elemento de entrada Iglesia católica
Subdivisión general Catecismo
Subdivisión cronológica Obras anteriores a 1800
9 (RLIN) 22152
902 ## - CATALOGADOR
Iniciales CFM
942 ## - ELEMENTOS DE PUNTO DE ACCESO ADICIONAL (KOHA)
Fuente del sistema de clasificación o colocación Library of Congress Classification
Tipo de ítem Koha Libros
Holdings
Estado de retiro Estado de pérdida Estado dañado No para préstamo Localización permanente Ubicación/localización actual Fecha de adquisición Total de préstamos Signatura topográfica completa Código de barras Fecha visto por última vez Precio válido a partir de Tipo de ítem Koha
El ejemplar forma parte de la colección y puede ser consultado según las políticas vigentes.       Biblioteca del Museo Franz Mayer (Rogerio Casas-Alatriste) Biblioteca del Museo Franz Mayer (Rogerio Casas-Alatriste) 19/06/2017   CO103 .C38 1775 CFM00230 22/03/2019 22/03/2019 Libros